| 000 | 01849aam a2200385 i 4500 | ||
|---|---|---|---|
| 999 |
_c27074 _d27046 |
||
| 001 | 016034989 | ||
| 003 | Uk | ||
| 005 | 20190207101649.0 | ||
| 008 | 110923s2012 enka b 001 0 eng | ||
| 015 |
_aGBB217590 _2bnb |
||
| 016 | 7 |
_a016034989 _2Uk |
|
| 020 | _a9780415597081 (hbk.) : | ||
| 020 | _a0415597080 (hbk.) : | ||
| 020 | _a9780415597098 (pbk.) : | ||
| 020 | _a0415597099 (pbk.) : | ||
| 020 | _z9780203121474 (ebk) | ||
| 040 |
_aStDuBDS _beng _cStDuBDS _dUk _dEG-ScBUE |
||
| 082 | 0 | 4 |
_a729 _222 _bMCL |
| 100 | 1 | 0 |
_aMcLachlan, Fiona, _d1958- |
| 245 | 1 | 0 |
_aArchitectural colour in the professional palette / _cFiona McLachlan. |
| 250 | _a1st edition. | ||
| 264 |
_aNew york: _bRoutledge; _c2012. |
||
| 300 |
_aix, 234 pages : _bcol. illustration ; _c26 cm. |
||
| 336 |
_atext _2rdacontent |
||
| 337 |
_aunmediated _2rdamedia |
||
| 338 |
_avolume _2rdacarrier |
||
| 500 |
_aFormerly CIP. _5Uk |
||
| 504 | _aIncludes bibliographical references and index. | ||
| 505 | 0 | _aIntroduction. Investigations in the professional palette -- Colour, form, and material surface -- The unattainable myth of novelty : Caruso St John -- The intuitive palette : O'Donnell + Tuomey -- Who's afraid of red, yellow, and blue? : Erich Wiesner and Otto Steidle -- Place, space, colour, and light : Steven Holl -- Edges and surfaces : Gigon/Guyer -- Memories, associations, and the brightness of yellow : AHMM -- Synergies and discords : Sauerbruch Hutton -- Transformational, instrumental colour : UN Studio -- Navigation, communication, and language -- Playing space : laws, rules, and prescription. | |
| 650 | 7 |
_aColor in architecture. _2BUEsh |
|
| 650 | 7 |
_aArchitecture, Modern _y20th century _xThemes, motives. _2BUEsh |
|
| 650 | 7 |
_aArchitecture, Modern _y21st century _xThemes, motives. _2BUEsh |
|
| 653 |
_bENGARC _cFebruary2019 |
||
| 942 |
_2ddc _cBB |
||